use of wildlife resources as traditional medicine in cambodia (ការប្រើប្រាស់ធនធានសត្វព្រៃជាឪសថនៅកម្ពុជា) (Record no. 3197)

000 -LEADER
fixed length control field 00546nam a22001577a 4500
003 - CONTROL NUMBER IDENTIFIER
control field OSt
005 - DATE AND TIME OF LATEST TRANSACTION
control field 20151106090008.0
008 - FIXED-LENGTH DATA ELEMENTS--GENERAL INFORMATION
fixed length control field 151106b xxu||||| |||| 00| 0 eng d
040 ## - CATALOGING SOURCE
Transcribing agency RUA
082 ## - DEWEY DECIMAL CLASSIFICATION NUMBER
Classification number FOR HEN 1997 B124 Or.1
100 ## - MAIN ENTRY--PERSONAL NAME
9 (RLIN) 3428
Personal name HENG, KIMCHHAY.
245 ## - TITLE STATEMENT
Title use of wildlife resources as traditional medicine in cambodia (ការប្រើប្រាស់ធនធានសត្វព្រៃជាឪសថនៅកម្ពុជា)
260 ## - PUBLICATION, DISTRIBUTION, ETC. (IMPRINT)
Place of publication, distribution, etc. Phnom Penh
Name of publisher, distributor, etc. RUA
Date of publication, distribution, etc. 1997
300 ## - PHYSICAL DESCRIPTION
Extent 82p.
Other physical details ill.
Dimensions 29cm.
942 ## - ADDED ENTRY ELEMENTS (KOHA)
Source of classification or shelving scheme
Koha item type FOR
Holdings
Price effective from Date last seen Permanent Location Not for loan Date acquired Source of classification or shelving scheme Koha item type Barcode Lost status Damaged status Shelving location Withdrawn status Current Location Full call number
2015-11-062015-11-06Library Block B 2015-11-06 FORRUA037528  B124 Library Block BFOR HEN 1997 B124 Or.1
2015-11-062015-11-06Library Block B 2015-11-06 FORRUA037524  B124 Library Block BFOR HEN 1997 B124 Or.2
2015-11-062015-11-06Library Block B 2015-11-06 FORRUA037588  B124 Library Block BFOR HEN 1997 B124 Or.3
2015-11-062015-11-06Library Block B 2015-11-06 FORRUA037648  B124 Library Block BFOR HEN 1997 B124 Or.4
មជ្ឈមណ្ឌលឯការនៃសាកលវិទ្យាល័យភូមិន្ទកសិកម្មចំការដូង

Powered by Koha